Nadělení : příběhy kluka ze zámku /
Autobiografické vzpomínky českého herce a partnera politika Matěje Stropnického.
Uloženo v:
| Hlavní autor: | |
|---|---|
| Médium: | E-kniha |
| Jazyk: | Czech |
| Vydáno: |
V Praze :
Mladá fronta,
2022
|
| Vydání: | 1. vydání |
| Témata: | |
| Tagy: |
Žádné tagy |
| LEADER | 02435nam a2200589 i 4500 | ||
|---|---|---|---|
| 001 | 311695 | ||
| 003 | CZ PrSKC | ||
| 005 | 20260601215710.0 | ||
| 007 | ta | ||
| 008 | 221017s2022 xr ac e 000 0acze | ||
| 015 | |a cnb003464541 | ||
| 020 | |a 9788020460905 |q (vázáno) | ||
| 035 | |a (OCoLC)1354196355 | ||
| 035 | |a (OCoLC)1296108315 | ||
| 040 | |a BOA001 |b cze |e rda | ||
| 043 | |a e-xr--- |b e-xr-st |2 czenas | ||
| 045 | |a x9y- | ||
| 072 | 7 | |a 791/793 |x Divadlo, film, tanec (obecně) |2 Konspekt | |
| 072 | 7 | |a 929 |x Biografie |2 Konspekt | |
| 080 | |a 791/792.071.2 |2 MRF | ||
| 080 | |a 728.82 |2 MRF | ||
| 080 | |a 929 |2 MRF | ||
| 080 | |a (437.3) |2 MRF | ||
| 080 | |a (437.312) |2 MRF | ||
| 080 | |a (0:82-94) |2 MRF | ||
| 100 | 1 | |a Krejčík, Daniel, |d 1994- |7 xx0245618 |4 aut |4 ill | |
| 245 | 1 | 0 | |a Nadělení : |b příběhy kluka ze zámku / |c Daniel Krejčík |
| 250 | |a 1. vydání | ||
| 264 | 1 | |a V Praze : |b Mladá fronta, |c 2022 | |
| 300 | |a 212 stran : |b ilustrace (převážně barevné), portréty ; |c 21 cm | ||
| 336 | |a text |b txt |2 rdacontent | ||
| 337 | |a bez média |b n |2 rdamedia | ||
| 338 | |a svazek |b nc |2 rdacarrier | ||
| 520 | 2 | |a Autobiografické vzpomínky českého herce a partnera politika Matěje Stropnického. | |
| 600 | 1 | 7 | |a Krejčík, Daniel, |d 1994- |7 xx0245618 |2 czenas |
| 648 | 7 | |a 20.-21. století |7 ch462155 |2 czenas | |
| 650 | 0 | 7 | |a herci |7 ph117199 |z Česko |y 20.-21. století |2 czenas |
| 650 | 0 | 7 | |a herci |7 ph117199 |x partnerské a rodinné vztahy |2 czenas |
| 650 | 0 | 7 | |a zámky |7 ph127734 |z Česko |2 czenas |
| 650 | 0 | 9 | |a actors |z Czechia |y 20th-21st centuries |2 eczenas |
| 650 | 0 | 9 | |a actors |x partner and family relationships |2 eczenas |
| 650 | 0 | 9 | |a chateaux |z Czechia |2 eczenas |
| 651 | 7 | |a Osečany (Česko) |7 ge564795 |2 czenas | |
| 651 | 9 | |a Osečany (Czechia) |2 eczenas | |
| 655 | 7 | |a autobiografické vzpomínky |7 fd131854 |2 czenas | |
| 655 | 9 | |a autobiographical reminiscences |2 eczenas | |
| 900 | |a ABA001 |b 19 | ||
| 928 | 9 | |a Albatros Media - Mladá fronta | |
| 044 | |a xr | ||
| 910 | |a RBIT002 | ||
| 998 | |d 361828 |a https://core.palmknihy.cz/api/books/361828/cover?si61uy |b https://core.palmknihy.cz/api/books/361828/cover/400?si61uy |c https://core.palmknihy.cz/api/books/361828/cover/50?si61uy |e 2028-12-31 |g 224 |i 9788020460905 |j https://core.palmknihy.cz/api/books/361828/preview.epub |k https://core.palmknihy.cz/api/books/361828/preview.pdf |l |q 49 |r 1 |s https://www.palmknihy.cz/kniha/361828 |t ebook |y 2022 |z 0 | ||
| 999 | |d 311693 | ||